01604nam a2200289 i 450000100060000000300090000600500170001500700030003200800410003508000190007610000340009524502350012926000640036430000280042850501360045653000390059259400480063161000440067965000540072385201170077785200310089485600740092594200080099999900170100795201450102495201450116999416ES-MaACL20251103121241.0t|050908s1910 ag ||||1| spa d a37(82)(083.41)1 aMartínez, Alberto B.97771210aCenso general de educación b: levantado el 23 de mayo de 1909 durante la presidencia del Dr. José Figueroa Alcorta siendo Ministro de Justicia e Instrucción Pública el Dr. Rómulo S. Naón / cpor Alberto B. Martínez. aBuenos Aires : bOficina Meteorológica Argentina, c1910. a3 v. : bil. ; c27 cm.8 aContiene: t. 1. Población escolar (XLIII, 448 p.) -- t. 2. Estadística escolar (LXXI, 343 p.) -- t. 3. Monografías (702 p.) aDisponible también en sitio web. aPrecede al título: República Argentina.2 aUniversidad Nacional de La Plata.97422 4aEnseñanza-zArgentina-vEstadísticas.9149143 aES-MaACLjG-6579-82 cDEPO2q+ 1 sobre con (La Universidad de La Plata y sus anexos 6 hojas plegadas de fotos) aES-MaACLjC-13358-60cSPAL4 uhttp://bdh-rd.bne.es/viewer.vm?id=0000008555&page=1yIr a la página 2udc c99416d99416 001040708Colección_digitalaATENEOMbATENEOMcDEPO2d2008-01-17eSCl0oG-6579-83p1103808r2023-02-23 00:00:00w2023-02-23yMONOGRAFIA 001040708Colección_digitalaATENEOMbATENEOMcSPALd2012-01-20eSCl0oC-13358-60p1188854r2023-02-23 00:00:00w2023-02-23yMONOGRAFIA